| 000 | 01024nas a2200325 4500 | ||
|---|---|---|---|
| 001 | BR0500761 | ||
| 003 | BR-BrBNA | ||
| 005 | 20231205105156.0 | ||
| 007 | ta | ||
| 008 | 230509b bl.|||p| |||| 00| 00por d | ||
| 040 |
_aBR-BrBNA _bpor _cBiblioteca Nacional de Agricultura |
||
| 041 | _a(Pt) | ||
| 072 | _aH10 | ||
| 100 | 1 | _aMonteiro, L.B. | |
| 100 | 1 | _aSouza, A. de | |
| 100 | 1 | _aBelli, E.L. | |
| 100 | 1 | _aSilva, R.B.Q. da | |
| 100 | 1 | _aZucchi, R.A. | |
| 245 | 1 | _aOcorrência de Trichogramma pretiosum Riley (Hymenoptera: Trichogrammatidae)em ovos de Bonagota cranaodes (Meyrick)(Lepidoptera: Tortricidae)em macieira | |
| 650 | _aMAÇÃ | ||
| 650 | _aLAGARTA | ||
| 650 | _aOVO | ||
| 650 | _aINSETO PARA CONTROLE BIOLÓGICO | ||
| 650 | _aINSETICIDA | ||
| 650 | _aPARASITO DE PLANTA | ||
| 650 | _aSANTA CATARINA | ||
| 773 | 0 |
_tRevista Brasileira de Fruticultura (Brazil) _xISSN 0100-2945 _g(Apr 2004), v. 26(1) p. 171-172 _wBR0500761 |
|
| 909 |
_a202311 _bLúcia _c55 _dLúcia Elande |
||
| 942 |
_2AGRIS _n0 _cANA |
||
| 999 |
_c181612 _d181612 |
||